Sacramento Kings Top 10 Leaders Playoffs - Statistics

General Stats
  • This quiz has been taken 182 times
  • The average score is 8 of 21
Answer Stats
Answer % Correct
Oscar Robertson
96%
Chris Webber
92%
Peja Stojakovic
85%
Vlade Divac
77%
Mike Bibby
74%
Doug Christie
53%
Jerry Lucas
53%
Bobby Jackson
40%
Jack Twyman
40%
Brad Miller
38%
Sam Lacey
24%
Scot Pollard
23%
Hedo Turkoglu
20%
Arnie Risen
18%
Bob Davies
18%
Otis Birdsong
18%
Wayne Embry
16%
Bobby Wanzer
14%
Scott Wedman
12%
Jack Coleman
10%
Ernie Grunfeld
0%
No matching quizzes found
Score Distribution
Percent of People with Each Score
Percentile by Number Answered
Your Score History
You have not taken this quiz